Basic quantum mechanics (Record no. 413)

MARC details
000 -LEADER
Fixed length control field 00443nam a2200169 4500
003 - CONTROL NUMBER IDENTIFIER
Control field SEACOMEC
005 - DATE AND TIME OF LATEST TRANSACTION
Control field 20240105124611.0
008 - FIXED-LENGTH DATA ELEMENTS--GENERAL INFORMATION
Fixed length control field 240105b |||||||| |||| 00| 0 eng d
020 ## - INTERNATIONAL STANDARD BOOK NUMBER / ISBN
Price Rs.198.00
040 ## - CATALOGING SOURCE
Original cataloging agency SEACOMEC
082 ## - DEWEY DECIMAL CLASSIFICATION NUMBER
Classification number 530.12
Book Number G411
100 ## - MAIN ENTRY--PERSONAL NAME
Personal name Ghatak,Ajoy
245 1# - TITLE STATEMENT
Title Basic quantum mechanics
Statement of responsibility Ajoy Ghatak
260 ## - IMPRINT
Place of publication Delhi
Name of publisher Mcmillan
Date of publication 2002
650 ## - SUBJECT ADDED ENTRY--TOPICAL TERM
Topical term Natural sciences .Quantum mechanics (Quantum theory)
942 ## - ADDED ENTRY ELEMENTS (KOHA)
Koha item type Books
Holdings
Withdrawn status Lost status Source of classification Damaged status Not for loan Home library Current library Date acquired Total Checkouts Call number Accession number Date last seen Copy number Price effective from Koha item type
    Dewey Decimal Classification     SEACOM ENGINEERING COLLEGE SEACOM ENGINEERING COLLEGE 04/06/2006   530.12 G411 01227 05/01/2024 4 05/01/2024 Books
    Dewey Decimal Classification     SEACOM ENGINEERING COLLEGE SEACOM ENGINEERING COLLEGE 04/06/2006   530.12 G411 01228 05/01/2024 5 05/01/2024 Books
    Dewey Decimal Classification     SEACOM ENGINEERING COLLEGE SEACOM ENGINEERING COLLEGE 04/06/2006   530.12 G411 01229 05/01/2024 6 05/01/2024 Books
    Dewey Decimal Classification     SEACOM ENGINEERING COLLEGE SEACOM ENGINEERING COLLEGE 04/06/2006   530.12 G411 01230 05/01/2024 7 05/01/2024 Books
© Seacom Engineering College, All rights reserved.      Powered by Koha